| 000 | 00987nam0a22002891 4500 | ||
|---|---|---|---|
| 001 | rc\2153439 | ||
| 005 | 20250623022644.0 | ||
| 035 | _a(NLR Aleph) 006529160 | ||
| 090 |
_a6514411 _c6514411 |
||
| 100 | _a20110826d1979 |||y0rusy50 ca | ||
| 101 | 0 | _arus | |
| 102 | _aRU | ||
| 105 | _aa j ||||| | ||
| 200 | 1 |
_aКнига для чтения _eУчебник для 4-го кл. вспом. школы |
|
| 205 | _a2-е изд. | ||
| 210 |
_aМосква _cПросвещение _d1979 |
||
| 215 |
_a207 с., 4 л. ил. _cил. _d22 |
||
| 606 |
_aРусский язык _jХрестоматии для вспомогательных школ _2psbo |
||
| 686 |
_aШ141.2-973.422 _2rubbk |
||
| 700 | 1 |
_aСмирнова _bЗ.Н. _gЗоя Никандровна |
|
| 701 | 1 |
_aМорозова _bН.Н. _gНина Николаевна |
|
| 801 | 0 |
_aRU _bNLR _gpsbo |
|
| 801 | 1 |
_aRU _bELAR _2rusmarc |
|
| 852 |
_aNLR _j79-5/3267 |
||
| 899 |
_aRuMoRGB _jM 79-3/223 |
||
| 942 | _cBOOK | ||
| 980 | _aNB | ||